| 000 | 00312 a2200109 4500 | ||
|---|---|---|---|
| 082 | _a387.74 KUM | ||
| 100 | _a Kumar,Virendra | ||
| 245 |
_aAir Transportation Planning and Design _cVirendra Kumar |
||
| 250 | _a1st.ed. | ||
| 260 |
_aNew Delhi : _bGalgotia Publication, _c1999. |
||
| 300 |
_axvi,390p. : _bill. ; _c25 cm. |
||
| 650 | _aair transport | ||
| 999 |
_c425 _d425 |
||